000 00521nam a2200181Ia 4500
005 20250326123947.0
008 250326s9999 xx 000 0 und d
037 _aTextbook
040 _aFMSL
_beng
_cFMSL
041 _aeng
_2eng
084 _aV8y7 L3
_qFMSL
100 _aHaskell E H
_9736506
245 0 _aState environmental management: case studies of nine states
_cHaskell E H; Price V S
260 _aNY
_bNY, Praeger
_c1973
300 _a283p
942 _cTB
_hV8y7 L3
999 _c1271664
_d1271664